| 000 | 00890cam a2200217 4500 | ||
|---|---|---|---|
| 001 | WB3745-07 | ||
| 008 | 011128n2001 000 0 eng u | ||
| 035 | _a(Sirsi) u115784 | ||
| 245 | _aEnterprise and innovation | ||
| 260 | _c2001 | ||
| 490 |
_aInland Revenue Press Release _v(REV/HNT 3) 27 November 2001, (5) |
||
| 520 | _aGovernment has announced a new tax credit among other measures to boost research and development and innovation in larger companies to encourage UK businesses to compete on equal terms with the UK's main competitors. Main points include improvements to the capital gains tax and changes to the Construction Industry Scheme. | ||
| 590 | _aWB | ||
| 650 | _aTAX CREDITS | ||
| 650 | _aRESEARCH AND DEVELOPMENT | ||
| 650 | _aBUSINESSES | ||
| 650 | _aUNITED KINGDOM | ||
| 650 | _aPRE-BUDGET REPORT | ||
| 690 | _aMANAGEMENT-BUSINESS MANAGEMENT | ||
| 942 | _n0 | ||
| 999 |
_c68966 _d68966 |
||